LEADER 01278cam0-22004811i-450- 001 990003798630403321 005 20050523165626.0 010 $a88-15-06087-1 035 $a000379863 035 $aFED01000379863 035 $a(Aleph)000379863FED01 035 $a000379863 100 $a20030910d1997----km-y0itay50------ba 101 0 $aita 102 $aIT 105 $ay-------001yy 200 1 $aEra il secolo del lavoro$fAris Accornero 210 $aBologna$cil Mulino$d1997 215 $a208 p.$d20 cm 225 1 $aContemporanea$v98 610 0 $aLavoro$aTrasformazione$aAspetti sociali 610 0 $aLavoro$aSociologia 676 $a306.36 676 $a331$v21$zita 676 $a306.309 700 1$aAccornero,$bAris$f<1931- >$0116021 801 0$aIT$bUNINA$gRICA$2UNIMARC 901 $aBK 912 $a990003798630403321 952 $a306.36 ACC 2$b6621$fBFS 952 $aSE 114.02.25-$b2493D$fDECSE 952 $aC-II-73$b8486 dip.$fDDRC 952 $aCOLLEZ. 858 (98)$b31012$fFSPBC 952 $a18100 ACC/97$b17438$fSES 952 $aXV R 703$b104$fDTE 959 $aBFS 959 $aDECSE 959 $aDDRC 959 $aFSPBC 959 $aSES 959 $aDTE 996 $aEra il secolo del lavoro$9506630 997 $aUNINA LEADER 01554nam 2200349Ia 450 001 996395451603316 005 20221108034712.0 035 $a(CKB)4330000000321473 035 $a(EEBO)2248508591 035 $a(OCoLC)09318170 035 $a(EXLCZ)994330000000321473 100 $a19830317d1652 uy | 101 0 $aeng 135 $aurbn||||a|bb| 200 12$aA cordial for a fainting soule, or, Some essaies for the satisfaction of doubting wounded Christians labouring under severall burdens$b[electronic resource] $eespecially such as arise in Christians spirits from a mistake of the grounds of faith ... : in which severall doubts, most ordinary to Christians in the beginning of their conversion releved ... : being the sum of fourteen sermons ... : with three several tables annexed /$fby John Collinges 210 $aLondon $cPrinted for Richard Tomlins$d1652 215 $a[30], 230, [9] p 300 $aIncludes bibliograhical references and index. 300 $aReproduction of original in the Union Theological Seminary Library, New York. 330 $aeebo-0160 606 $aSermons, English$y17th century 606 $aFaith$vSermons 615 0$aSermons, English 615 0$aFaith 700 $aCollinges$b John$f1623-1690.$01001845 801 0$bEEU 801 1$bEEU 801 2$bWaOLN 906 $aBOOK 912 $a996395451603316 996 $aA cordial for a fainting soule, or, Some essaies for the satisfaction of doubting wounded Christians labouring under severall burdens$92338601 997 $aUNISA LEADER 00917nam a22002531i 4500 001 991001516409707536 005 20030123161442.0 008 030123s1914 it |||||||||||||||||ita 035 $ab12158185-39ule_inst 035 $aARCHE-024798$9ExL 040 $aDip.to Filologia Ling. e Lett.$bita$cA.t.i. Arché s.c.r.l. Pandora Sicilia s.r.l. 100 1 $aBaldi, Bernardino$029421 245 10$aLibri 1-4 /$cBernardino Baldi 260 $aLanciano :$bR. Carabba,$c1914 300 $a206 p. ;$c20 cm 440 4$aGli epigrammi inediti ;$v1 440 0$aScrittori nostri ;$v44 700 1 $aCiampoli, Domenico 907 $a.b12158185$b05-10-16$c01-04-03 912 $a991001516409707536 945 $aLE008 TS H III 18A$cV. 1$g1$i2008000392796$lle008$o-$pE0.00$q-$rn$so $t0$u0$v0$w0$x0$y.i12488963$z01-04-03 996 $aLibri 1-4$9147754 997 $aUNISALENTO 998 $ale008$b01-04-03$cm$da $e-$fita$git $h0$i1